Cómo se fabrican las noticias: fuentes, selección y planificación

Saved in:
Bibliografiske detaljer
Hovedforfatter: López López, Manuel (autor)
Format: Bog
Sprog:spansk
Udgivet: Barcelona Paidós Ibérica 1995
Serier:Papeles de Comunicación, 9
Fag:
Tags: Tilføj Tag
Ingen Tags, Vær først til at tagge denne postø!

MARC

LEADER 00000nam a2200000 a 4500
001 UCG2057
003 CL-VaPUC
008 100610e19950000SP |||||||||||||||||spa|d
020 |a 8449301521 
082 0 4 |a 070.43  |b LOP  |2 21 
100 |a López López, Manuel  |e autor  |9 550297 
245 1 0 |a Cómo se fabrican las noticias: fuentes, selección y planificación 
300 |a 206 p 
942 |c BK 
945 |d 20100610 00:00:00  |a dcastane 
260 |a Barcelona  |b Paidós Ibérica  |c 1995 
650 0 |a Periodismo   |9 310113 
650 0 |a Noticias   |9 332257 
650 0 |a Periodistas   |9 335499 
650 0 |a Medios de comunicación  |9 257206 
583 |a last modification  |c 20100610 00:00:00  |k Rodrigo Vera 
490 0 |a Papeles de Comunicación, 9 
999 |c 341297  |d 341295 
952 |0 0  |1 0  |4 0  |6 070_430000000000000_LOP_1995  |7 0  |8 A  |9 436675  |a BIBCUR  |b BIBCUR  |d 2019-11-22  |i 4682890  |o 070.43 LOP 1995  |p 4682890  |r 2025-04-22  |w 2019-11-22  |y BK  |k PER 
952 |0 0  |1 0  |4 0  |6 070_430000000000000_LOP_1995  |7 0  |8 A  |9 436676  |a BIBCUR  |b BIBCUR  |d 2019-11-22  |i 4726170  |o 070.43 LOP 1995  |p 4726170  |r 2025-04-22  |w 2019-11-22  |y BK  |k PER